000 00639nam a2200133Ia 4500
008 171212s9999 xx 000 0 und d
020 _a9780833087867
100 _aAnderson, James M.;Waggoner, Ivan
245 _cAnderson, James M.;Waggoner, Ivan
_aThe Changing Role of Criminal Law in Controlling Corporate Behavior
260 _bRAND Corporation
_c2014
650 _aCriminal liability of juristic persons -- United States; Tort liability of corporations -- United States; Corporate governance -- Law and legislation -- United States -- Criminal provisions
650 _aLaw
856 _uhttp://www.jstor.org/stable/10.7249/j.ctt1287mfw
999 _c352626
_d352626